| 000 | 00378nam a2200145Ia 4500 | ||
|---|---|---|---|
| 005 | 20251222140035.0 | ||
| 008 | 251222s1900||||xx |||||||||||||| ||spa|| | ||
| 020 | _a8460023397 | ||
| 082 | _a185/C94 | ||
| 100 | _aCubells, Fernando | ||
| 245 | 0 | _aEl Concepto Energético en Aristóteles | |
| 250 | _a1ra. ed. | ||
| 264 | _bFacultad de Teología San Vicente Ferrer | ||
| 942 | _cLIB | ||
| 999 |
_c3083 _d3083 |
||